[Event "España ch 2010 sub-12"]
[Site "Linares ESP"]
[Date "2010.07.08"]
[Round "4.14"]
[White "Heredia Navarro, Alvaro"]
[Black "Aguila Hernandez, Eduardo"]
[Result "0-1"]
[WhiteElo "1554"]
[BlackElo "1734"]
[PlyCount "76"]
[EventDate "2010.07.06"]
[EventType "swiss"]
[EventRounds "9"]
[EventCountry "ESP"]
[Source "lmi"]
[SourceDate "2010.07.06"]

1. e4 e5 2. Nf3 Nc6 3. Bc4 Bc5 4. d3 d6 5. c3 Nf6 6. a4 a5 7. Nbd2 Bg4 8. O-O
O-O 9. Ba2 h6 10. Nc4 Qd7 11. Be3 Bxe3 12. Nxe3 Be6 13. Bb3 Bxb3 14. Qxb3 Ne7
15. h3 Kh7 16. Nh4 g5 17. Nhf5 Nxf5 18. Nxf5 Rg8 19. Rae1 b6 20. Re3 Nh5 21.
Rf3 Nf4 22. Kh2 d5 23. g3 Nxh3 24. exd5 g4 25. Nxh6 Kxh6 26. Re3 Rg5 27. Qc4
Rh5 28. Kg2 Rh8 29. f3 gxf3+ 30. Rfxf3 Kg7 31. g4 Nf4+ 32. Rxf4 Rh2+ 33. Kf1
exf4 34. Qd4+ Kg8 35. Re5 Rh1+ 36. Kf2 R8h2+ 37. Kf3 Rf1+ 38. Ke4 Re2+ 0-1

[Event "España ch 2010 sub-12"]
[Site "Linares ESP"]
[Date "2010.07.08"]
[Round "4.15"]
[White "Gomez Dieguez, Adrian"]
[Black "Perez Tores, Juan Miguel"]
[Result "0-1"]
[WhiteElo "1524"]
[BlackElo "1726"]
[PlyCount "70"]
[EventDate "2010.07.06"]
[EventType "swiss"]
[EventRounds "9"]
[EventCountry "ESP"]
[Source "lmi"]
[SourceDate "2010.07.06"]

1. e4 c5 2. Nc3 Nc6 3. f4 g6 4. Nf3 Bg7 5. Bc4 e6 6. f5 Nf6 7. fxe6 fxe6 8. d3
O-O 9. O-O a6 10. Bg5 b5 11. Bb3 Qb6 12. Be3 Ng4 13. Bf2 Nxf2 14. Rxf2 Nd4 15.
Nd5 Qa7 16. Ne7+ Kh8 17. Nxc8 Raxc8 18. c3 Nxf3+ 19. gxf3 b4 20. Rc1 Bh6 21.
Rcc2 Be3 22. Qe2 Bxf2+ 23. Qxf2 Qb8 24. d4 Qd6 25. e5 Qb6 26. d5 exd5 27. Bxd5
Rce8 28. cxb4 Qxb4 29. Rc4 Qb6 30. b4 Rxe5 31. Qb2 Qf6 32. Be4 Rg5+ 33. Qg2
Rxg2+ 34. Kxg2 Qg5+ 35. Kf1 Qe3 0-1

[Event "España ch 2010 sub-12"]
[Site "Linares ESP"]
[Date "2010.07.08"]
[Round "5.1"]
[White "Santos Ruiz, Miguel"]
[Black "Domingo Nunez, Alejandro"]
[Result "0-1"]
[WhiteElo "1855"]
[BlackElo "1753"]
[PlyCount "124"]
[EventDate "2010.07.06"]
[EventType "swiss"]
[EventRounds "9"]
[EventCountry "ESP"]
[Source "lmi"]
[SourceDate "2010.07.06"]

1. e4 c5 2. Nf3 d6 3. d4 cxd4 4. Nxd4 Nf6 5. Nc3 g6 6. Bc4 Bg7 7. O-O O-O 8.
Re1 Nc6 9. Nb3 Ne5 10. Bf1 Bd7 11. Nd5 Rc8 12. c3 Nc4 13. a4 Be6 14. Bxc4 Rxc4
15. Qd3 Bxd5 16. exd5 Qc7 17. Be3 Ng4 18. Bxa7 Ne5 19. Qe3 Qd7 20. a5 Qb5 21.
Nd2 Rg4 22. h3 Rh4 23. Nf3 Rh5 24. Nxe5 Rxe5 25. Qd2 Rxd5 26. Qc2 Re5 27. Rxe5
Bxe5 28. Bb6 Rc8 29. Re1 e6 30. Re2 Rc4 31. Re1 f5 32. Qe2 Re4 33. Qxb5 Rxe1+
34. Qf1 Rxf1+ 35. Kxf1 Kf7 36. Ke2 Ke7 37. Kd3 Kd7 38. Kc4 Kc6 39. b4 d5+ 40.
Kb3 Kb5 41. Ba7 Bd6 42. Be3 f4 43. Bb6 e5 44. f3 Be7 45. Bc7 Bf6 46. Bb6 h5 47.
Ba7 g5 48. Bb6 g4 49. hxg4 hxg4 50. Ba7 gxf3 51. gxf3 e4 52. fxe4 dxe4 53. c4+
Kc6 54. b5+ Kc7 55. Bb6+ Kc8 56. Kc2 f3 57. a6 bxa6 58. bxa6 Kb8 59. Kd2 Bg5+
60. Ke1 e3 61. Ba5 Bh4+ 62. Kf1 e2+ 0-1

[Event "España ch 2010 sub-12"]
[Site "Linares ESP"]
[Date "2010.07.08"]
[Round "5.3"]
[White "Bas Mas, Miguel"]
[Black "Alvarez Nistal, David"]
[Result "1/2-1/2"]
[WhiteElo "1822"]
[BlackElo "1727"]
[PlyCount "63"]
[EventDate "2010.07.06"]
[EventType "swiss"]
[EventRounds "9"]
[EventCountry "ESP"]
[Source "lmi"]
[SourceDate "2010.07.06"]

1. e4 e5 2. Nf3 Nc6 3. Bb5 a6 4. Ba4 Nf6 5. O-O Be7 6. Re1 b5 7. Bb3 d6 8. h3
O-O 9. c3 Bb7 10. d4 Re8 11. Nbd2 Bf8 12. d5 Nb8 13. Bc2 c6 14. dxc6 Bxc6 15.
b3 Nbd7 16. Ba3 Nc5 17. Bxc5 dxc5 18. c4 Qc7 19. Qe2 g6 20. Bd3 Qd7 21. Rad1
Nh5 22. Nf1 Qb7 23. g3 Ng7 24. Qc2 Ne6 25. Ne3 Nd4 26. Nxd4 exd4 27. Nd5 Bxd5
28. exd5 Qd7 29. Kg2 Re7 30. Rxe7 Bxe7 31. Re1 b4 32. Re2 1/2-1/2

[Event "España ch 2010 sub-12"]
[Site "Linares ESP"]
[Date "2010.07.08"]
[Round "5.4"]
[White "Pruja Ramirez De Cartagena, Eduar"]
[Black "Ucles Lirola, Moises"]
[Result "1/2-1/2"]
[WhiteElo "1681"]
[BlackElo "1753"]
[PlyCount "120"]
[EventDate "2010.07.06"]
[EventType "swiss"]
[EventRounds "9"]
[EventCountry "ESP"]
[Source "lmi"]
[SourceDate "2010.07.06"]

1. e4 Nf6 2. e5 Nd5 3. d4 d6 4. exd6 exd6 5. Nf3 Bg4 6. Bc4 Nb6 7. Bb3 Be7 8.
O-O O-O 9. Bf4 Bf6 10. c3 Re8 11. Qd3 Bh5 12. Na3 Nc6 13. Rfe1 Qd7 14. Ng5 Bg6
15. Qg3 Ne7 16. Bc2 Nbd5 17. Bxg6 Nxg6 18. Bd2 Qf5 19. Qh3 Qxh3 20. Nxh3 a6 21.
Nc2 b5 22. a3 h6 23. Nb4 Nxb4 24. axb4 d5 25. Be3 c6 26. Nf4 Nxf4 27. Bxf4 Re6
28. Rxe6 fxe6 29. Bc7 Kf7 30. Ba5 h5 31. Kf1 e5 32. dxe5 Bxe5 33. h3 g5 34. Ke2
Kg6 35. Rd1 Re8 36. Kd3 Kf5 37. g3 h4 38. gxh4 Rh8 39. hxg5 Rxh3+ 40. Ke2 Rh5
41. Bd8 Kg6 42. Ra1 Rh8 43. Be7 Re8 44. Rxa6 Rxe7 45. Rxc6+ Kxg5 46. Kd3 d4 47.
Rc5 dxc3 48. bxc3 Kf6 49. Rxb5 Rd7+ 50. Kc4 Rc7+ 51. Rc5 Rxc5+ 52. bxc5 Ke6 53.
Kb4 Kd7 54. Kc4 Kc6 55. f3 Bf6 56. Kb4 Be7 57. c4 Bxc5+ 58. Kc3 Be3 59. Kd3 Bg5
60. Ke4 Kc5 1/2-1/2

[Event "España ch 2010 sub-12"]
[Site "Linares ESP"]
[Date "2010.07.08"]
[Round "5.5"]
[White "Domingo Nunez, Ruben"]
[Black "Cervello Tost, Ferran"]
[Result "0-1"]
[WhiteElo "1718"]
[BlackElo "1748"]
[PlyCount "104"]
[EventDate "2010.07.06"]
[EventType "swiss"]
[EventRounds "9"]
[EventCountry "ESP"]
[Source "lmi"]
[SourceDate "2010.07.06"]

1. e4 e5 2. Nf3 Nc6 3. Bc4 Bc5 4. c3 Qe7 5. d3 d6 6. Bb3 h6 7. Nbd2 Nf6 8. Nf1
Bd7 9. Ng3 Bb6 10. Qe2 g6 11. Be3 Ng4 12. Bxb6 axb6 13. a3 Nf6 14. h3 Nd8 15.
d4 Nc6 16. dxe5 Nxe5 17. Nxe5 Qxe5 18. O-O O-O 19. Rfe1 Rae8 20. Qd2 Kg7 21. f4
Qc5+ 22. Qd4 Bc6 23. Qxc5 bxc5 24. Bc2 Re7 25. e5 dxe5 26. fxe5 Nd7 27. e6 Rxe6
28. Rxe6 fxe6 29. Re1 Bd5 30. Ba4 c6 31. Rd1 b5 32. Bc2 Nb6 33. Ne4 Nc4 34.
Nxc5 Ne3 35. Rc1 Nxg2 36. Nxe6+ Bxe6 37. Kxg2 Bd5+ 38. Kg3 Rf3+ 39. Kg4 Re3 40.
Bd1 Be6+ 41. Kf4 Rxh3 42. Bf3 g5+ 43. Ke5 Rxf3 44. Kxe6 h5 45. Rd1 Kg6 46. Ke5
Rf5+ 47. Ke4 h4 48. Rd8 Rf1 49. Rd6+ Rf6 50. Rd8 Kh5 51. Rd2 h3 52. Ke5 Rf3 0-1

[Event "España ch 2010 sub-12"]
[Site "Linares ESP"]
[Date "2010.07.08"]
[Round "5.6"]
[White "Bru Rullo, Llatzer"]
[Black "De la Calle Fuentes, Sergio"]
[Result "1-0"]
[WhiteElo "1941"]
[BlackElo "1661"]
[PlyCount "51"]
[EventDate "2010.07.06"]
[EventType "swiss"]
[EventRounds "9"]
[EventCountry "ESP"]
[Source "lmi"]
[SourceDate "2010.07.06"]

1. e4 e5 2. Nf3 d6 3. d4 exd4 4. Nxd4 Nf6 5. Nc3 Be7 6. Be2 O-O 7. Be3 Re8 8.
Qd2 Bf8 9. Bf3 Nbd7 10. Nb3 Ne5 11. O-O-O b6 12. Be2 a5 13. h3 Be6 14. Nd4 Qe7
15. g4 Nc4 16. Bxc4 Bxc4 17. f3 a4 18. h4 c5 19. Ndb5 Qd7 20. Nxd6 Qxd6 21.
Qxd6 Bxd6 22. Rxd6 Reb8 23. a3 Ne8 24. Rd2 Nc7 25. Rhd1 Ne6 26. f4 1-0

[Event "España ch 2010 sub-12"]
[Site "Linares ESP"]
[Date "2010.07.08"]
[Round "5.7"]
[White "Aguila Hernandez, Eduardo"]
[Black "Rodriguez Manzaneda, Irene"]
[Result "0-1"]
[WhiteElo "1734"]
[BlackElo "1638"]
[PlyCount "100"]
[EventDate "2010.07.06"]
[EventType "swiss"]
[EventRounds "9"]
[EventCountry "ESP"]
[Source "lmi"]
[SourceDate "2010.07.06"]

1. e4 c5 2. Nf3 Nc6 3. d4 cxd4 4. Nxd4 Nf6 5. Nc3 e5 6. Ndb5 d6 7. Bg5 a6 8.
Na3 b5 9. Bxf6 gxf6 10. Nd5 Bg7 11. c3 f5 12. Bd3 Be6 13. Bc2 fxe4 14. Bxe4 Rc8
15. Qf3 O-O 16. Ne3 Ne7 17. Bb7 Rb8 18. Bxa6 b4 19. cxb4 Rxb4 20. Qe2 f5 21.
Qd2 Rd4 22. Qe2 Qa5+ 23. Kf1 f4 24. Nec2 Rd2 25. Qb5 Qc7 26. Qb7 Qxb7 27. Bxb7
Rb8 28. Be4 d5 29. Ke1 Rxf2 30. Bxh7+ Kxh7 31. Kxf2 e4 32. Rab1 Rxb2 33. Rxb2
Bxb2 34. Nb5 Nc6 35. Rd1 Be5 36. h3 Kg6 37. Ncd4 Nxd4 38. Nxd4 Kf6 39. Nxe6
Kxe6 40. a4 Bc3 41. h4 d4 42. Ke2 d3+ 43. Kf1 Kd5 44. Rc1 Kd4 45. h5 d2 46. Rd1
Kd3 47. h6 e3 48. h7 e2+ 49. Kf2 exd1=Q 50. h8=Q Bxh8 0-1

[Event "España ch 2010 sub-12"]
[Site "Linares ESP"]
[Date "2010.07.08"]
[Round "5.8"]
[White "Perez Tores, Juan Miguel"]
[Black "Suarez Gomez, Julio"]
[Result "0-1"]
[WhiteElo "1726"]
[BlackElo "1632"]
[PlyCount "106"]
[EventDate "2010.07.06"]
[EventType "swiss"]
[EventRounds "9"]
[EventCountry "ESP"]
[Source "lmi"]
[SourceDate "2010.07.06"]

1. e4 e6 2. d4 d5 3. e5 c5 4. c3 Nc6 5. Be3 Qb6 6. Qd2 cxd4 7. cxd4 Nge7 8. Be2
Nf5 9. Nf3 Be7 10. O-O O-O 11. Nc3 f6 12. Na4 Qd8 13. Bd3 fxe5 14. Nxe5 Nxe5
15. dxe5 Bd7 16. Nc3 d4 17. Bxf5 dxe3 18. Bxh7+ Kxh7 19. Qxe3 Kg8 20. Rad1 Qe8
21. Ne4 Bc6 22. Nd6 Qg6 23. f3 Bd5 24. Kh1 Bxd6 25. exd6 a6 26. Qb6 Qf7 27. Rc1
Rac8 28. a4 Qd7 29. Rc7 Rxc7 30. dxc7 Qc6 31. a5 Rc8 32. Qxc6 bxc6 33. Kg1 Rxc7
34. Kf2 Rb7 35. Rb1 Ba2 36. Re1 Rxb2+ 37. Re2 Rxe2+ 38. Kxe2 Kf7 39. Kd3 Ke7
40. g4 e5 41. h4 Bd5 42. Ke3 Kf6 43. f4 exf4+ 44. Kxf4 g6 45. h5 gxh5 46. gxh5
Bc4 47. Ke4 Kg5 48. Kd4 Bb5 49. Kc5 Kxh5 50. Kb6 Kg5 51. Kc5 Kf5 52. Kb4 Ke6
53. Kc3 Ke5 0-1

[Event "España ch 2010 sub-12"]
[Site "Linares ESP"]
[Date "2010.07.08"]
[Round "5.9"]
[White "Chao Vale, Fernando"]
[Black "Salagran Ferragut, Guillem"]
[Result "0-1"]
[WhiteElo "1654"]
[BlackElo "1725"]
[PlyCount "70"]
[EventDate "2010.07.06"]
[EventType "swiss"]
[EventRounds "9"]
[EventCountry "ESP"]
[Source "lmi"]
[SourceDate "2010.07.06"]

1. e4 c5 2. Nf3 Nc6 3. Nc3 d6 4. d4 cxd4 5. Nxd4 e5 6. Ndb5 a6 7. Na3 Be7 8.
Nd5 Nf6 9. Nxf6+ Bxf6 10. Nc4 Be7 11. Be2 Be6 12. Ne3 O-O 13. O-O Bg5 14. Nd5
Bxc1 15. Rxc1 Nd4 16. c3 Bxd5 17. exd5 Nf5 18. Qd3 Ne7 19. Rcd1 f5 20. Rfe1 Ng6
21. Qg3 Rf6 22. Bf1 Nf4 23. Kh1 Qa5 24. a3 Raf8 25. c4 Rh6 26. Qe3 Qd8 27. Rc1
Rff6 28. c5 Rxh2+ 29. Kxh2 Rh6+ 30. Kg1 Qh4 31. f3 Qg3 32. Qxf4 Qxf4 33. Rcd1
e4 34. fxe4 fxe4 35. cxd6 e3 0-1

[Event "España ch 2010 sub-12"]
[Site "Linares ESP"]
[Date "2010.07.08"]
[Round "5.10"]
[White "Garralon Torres, Julio"]
[Black "Rodriguez Mellado, Antonio"]
[Result "1-0"]
[WhiteElo "1619"]
[BlackElo "1716"]
[PlyCount "73"]
[EventDate "2010.07.06"]
[EventType "swiss"]
[EventRounds "9"]
[EventCountry "ESP"]
[Source "lmi"]
[SourceDate "2010.07.06"]

1. c4 e5 2. Nc3 Nc6 3. Nf3 f5 4. d4 e4 5. Nd2 Bb4 6. e3 Nf6 7. Be2 O-O 8. Qb3
Bxc3 9. Qxc3 Kh8 10. O-O d5 11. b3 Be6 12. Qc2 Re8 13. Ba3 f4 14. Qc3 f3 15.
gxf3 Bh3 16. Rfe1 exf3 17. Bxf3 Ne4 18. Bxe4 dxe4 19. f4 exf3 20. Nxf3 Qf6 21.
e4 Ne7 22. Ne5 Be6 23. Rf1 Qh4 24. Qf3 Nc6 25. Nxc6 bxc6 26. Qf4 Qh5 27. Rf3
Rad8 28. d5 cxd5 29. exd5 Bg8 30. Qg3 Re5 31. Qg2 Rde8 32. Bb2 Rg5 33. Rg3 Re2
34. Rxg5 Rxg2+ 35. Rxg2 Bxd5 36. Rxg7 Qe2 37. Rg2+ 1-0

[Event "España ch 2010 sub-12"]
[Site "Linares ESP"]
[Date "2010.07.08"]
[Round "5.11"]
[White "Guerra Arrocha, Daniel"]
[Black "Ortega Lopez, Mikel"]
[Result "1-0"]
[WhiteElo "1609"]
[BlackElo "1703"]
[PlyCount "51"]
[EventDate "2010.07.06"]
[EventType "swiss"]
[EventRounds "9"]
[EventCountry "ESP"]
[Source "lmi"]
[SourceDate "2010.07.06"]

1. e4 c5 2. Nf3 e6 3. Nc3 a6 4. d4 cxd4 5. Nxd4 b5 6. Be3 Bb7 7. f3 d6 8. a3
Nf6 9. Be2 Nbd7 10. O-O Be7 11. Qe1 O-O 12. Qg3 Re8 13. Bh6 Bf8 14. Kh1 Qc7 15.
Bd3 Ne5 16. Bg5 Nfd7 17. f4 Nxd3 18. cxd3 Qb6 19. Nce2 Nb8 20. f5 exf5 21. Nxf5
g6 22. Nh6+ Bxh6 23. Bxh6 Qd8 24. Bg5 Qb6 25. Qf4 d5 26. Qxf7+ 1-0

[Event "España ch 2010 sub-12"]
[Site "Linares ESP"]
[Date "2010.07.08"]
[Round "5.13"]
[White "Fernandez Cano, Victor"]
[Black "Hernandez Mateo, Borja"]
[Result "1/2-1/2"]
[WhiteElo "1697"]
[BlackElo "1575"]
[PlyCount "56"]
[EventDate "2010.07.06"]
[EventType "swiss"]
[EventRounds "9"]
[EventCountry "ESP"]
[Source "lmi"]
[SourceDate "2010.07.06"]

1. e4 c5 2. Nf3 d6 3. d4 cxd4 4. Nxd4 Nf6 5. Nc3 a6 6. f3 e5 7. Nb3 Be7 8. Be3
Be6 9. Be2 O-O 10. O-O Nc6 11. Nd5 Bxd5 12. exd5 Na5 13. Nc1 Rc8 14. b3 b5 15.
Re1 Qc7 16. Qd2 Nb7 17. Bd1 Qc3 18. Qxc3 Rxc3 19. Bd2 Rcc8 20. f4 e4 21. a3 Rc5
22. Na2 Rfc8 23. Nb4 Nxd5 24. Rxe4 Bf6 25. Rb1 Nxb4 26. Bxb4 R5c6 27. Bg4 Rd8
28. Rbe1 g6 1/2-1/2

[Event "España ch 2010 sub-12"]
[Site "Linares ESP"]
[Date "2010.07.08"]
[Round "5.14"]
[White "Ruperez Benito, Antonio"]
[Black "Alonso Vara, Laura"]
[Result "0-1"]
[WhiteElo "1671"]
[BlackElo "1577"]
[PlyCount "106"]
[EventDate "2010.07.06"]
[EventType "swiss"]
[EventRounds "9"]
[EventCountry "ESP"]
[Source "lmi"]
[SourceDate "2010.07.06"]

1. e4 c5 2. Nf3 a6 3. d4 cxd4 4. Nxd4 Nf6 5. Nc3 e5 6. Nb3 Bb4 7. Bd3 d5 8.
exd5 Nxd5 9. Bd2 Nxc3 10. Bxc3 Bxc3+ 11. bxc3 Qc7 12. O-O Qxc3 13. Qf3 Qc7 14.
Qg3 O-O 15. Qh4 h6 16. f4 exf4 17. Qxf4 Qxf4 18. Rxf4 Nc6 19. Raf1 g5 20. Rf6
Kg7 21. Bc4 Be6 22. Bxe6 fxe6 23. Rxe6 Rxf1+ 24. Kxf1 Rf8+ 25. Ke1 Nb4 26. Nd4
Rf7 27. c3 Nd3+ 28. Kd2 Nf4 29. Rb6 Nxg2 30. Ne6+ Kg8 31. Ke2 Rf6 32. Rxb7
Rxe6+ 33. Kf3 Nh4+ 34. Kg4 Re3 35. Kh5 Nf5 36. Kg6 Nd6 37. Rd7 Re6+ 38. Kh5 Ne4
39. Ra7 Nxc3 40. Kg4 Nxa2 41. Kf5 Rc6 42. Ra8+ Kf7 43. Ra7+ Ke8 44. Ke5 Nb4 45.
Rh7 a5 46. Ra7 Ra6 47. Rh7 a4 48. Rh8+ Kf7 49. Rh7+ Kg6 50. Rb7 Nc6+ 51. Kd5 a3
52. Rb1 a2 53. Ra1 Nb4+ 0-1

[Event "España ch 2010 sub-12"]
[Site "Linares ESP"]
[Date "2010.07.08"]
[Round "5.15"]
[White "Alonso Gonzalez, Miguel"]
[Black "Lopez Mulet, Inigo"]
[Result "1-0"]
[WhiteElo "1613"]
[BlackElo "1830"]
[PlyCount "81"]
[EventDate "2010.07.06"]
[EventType "swiss"]
[EventRounds "9"]
[EventCountry "ESP"]
[Source "lmi"]
[SourceDate "2010.07.06"]

1. e4 c5 2. Nf3 Nc6 3. d4 cxd4 4. Nxd4 g6 5. Nc3 Bg7 6. Be3 Nf6 7. Bc4 O-O 8.
Bb3 d6 9. f3 Bd7 10. Qd2 Nxd4 11. Bxd4 b5 12. h4 a5 13. a4 bxa4 14. Nxa4 Rb8
15. g4 e5 16. Be3 Bxa4 17. Rxa4 h5 18. g5 Ne8 19. Qxa5 Qxa5+ 20. Rxa5 Nc7 21.
Ke2 Ra8 22. Rha1 Rxa5 23. Rxa5 Ra8 24. Rxa8+ Nxa8 25. Ba7 Bf8 26. Bb8 Nb6 27.
Bc7 Nd7 28. Bd5 Nc5 29. b4 Na6 30. Ba5 Be7 31. Bb7 Nb8 32. Bc7 Nd7 33. Bc6 Nf8
34. b5 Ne6 35. Ba5 Nc5 36. c3 Kf8 37. Bc7 Ne6 38. b6 Bd8 39. Bxd6+ Kg8 40. b7
Nf4+ 41. Kf1 1-0

[Event "España ch 2010 sub-12"]
[Site "Linares ESP"]
[Date "2010.07.09"]
[Round "6.2"]
[White "Cervello Tost, Ferran"]
[Black "Santos Ruiz, Miguel"]
[Result "1-0"]
[WhiteElo "1748"]
[BlackElo "1855"]
[PlyCount "111"]
[EventDate "2010.07.06"]
[EventType "swiss"]
[EventRounds "9"]
[EventCountry "ESP"]
[Source "lmi"]
[SourceDate "2010.07.06"]

1. e4 c5 2. Nf3 e6 3. Nc3 a6 4. a4 Nc6 5. Be2 Qc7 6. O-O Nf6 7. d4 cxd4 8. Nxd4
Be7 9. Nxc6 bxc6 10. Re1 O-O 11. e5 Nd5 12. Nxd5 cxd5 13. Bd3 f5 14. Qh5 Qd8
15. Re3 Qe8 16. Qd1 Bg5 17. Rh3 Bxc1 18. Qxc1 g6 19. Qh6 Qf7 20. f4 Rb8 21. b3
Qg7 22. Qg5 Re8 23. Re1 Qe7 24. Qg3 Rb6 25. Rh6 Rb4 26. Re3 Qg7 27. Qg5 Qe7 28.
Rxg6+ hxg6 29. Qxg6+ Kf8 30. Rg3 Qf7 31. Qh6+ Ke7 32. Rg7 Qxg7 33. Qxg7+ Kd8
34. h4 Kc7 35. Qg5 Rb8 36. h5 Bb7 37. h6 Rg8 38. Qe7 Rh8 39. Qd6+ Kc8 40. Bxa6
Bxa6 41. Qxa6+ Kc7 42. Qd6+ Kc8 43. a5 d4 44. b4 Ra8 45. a6 Rxh6 46. Qf8+ Kc7
47. Qxh6 Rxa6 48. Qf8 Rc6 49. b5 Rxc2 50. Qd6+ Kc8 51. Qxd4 Rc1+ 52. Kf2 Rb1
53. Qc4+ Kb7 54. Qa4 Kb6 55. Qa6+ Kc5 56. Qd6+ 1-0

[Event "España ch 2010 sub-12"]
[Site "Linares ESP"]
[Date "2010.07.09"]
[Round "6.3"]
[White "Pruja Ramirez De Cartagena, Eduar"]
[Black "Bru Rullo, Llatzer"]
[Result "0-1"]
[WhiteElo "1681"]
[BlackElo "1941"]
[PlyCount "48"]
[EventDate "2010.07.06"]
[EventType "swiss"]
[EventRounds "9"]
[EventCountry "ESP"]
[Source "lmi"]
[SourceDate "2010.07.06"]

1. e4 e5 2. d4 exd4 3. Qxd4 Nc6 4. Qe3 Nf6 5. e5 Ng4 6. Qe4 d5 7. exd6+ Be6 8.
Ba6 Qxd6 9. Bxb7 Qb4+ 10. Qxb4 Nxb4 11. Na3 Rb8 12. Bf3 Ne5 13. Be2 Nxa2 14.
Nf3 Nxc1 15. Rxc1 Nxf3+ 16. gxf3 Rxb2 17. Nb5 Bd6 18. c3 Rxe2+ 19. Kxe2 Bc4+
20. Ke1 Bxb5 21. Rb1 c6 22. Kd2 O-O 23. Kc2 g6 24. Rbd1 Ba4+ 0-1

[Event "España ch 2010 sub-12"]
[Site "Linares ESP"]
[Date "2010.07.09"]
[Round "6.4"]
[White "Rodriguez Manzaneda, Irene"]
[Black "Bas Mas, Miguel"]
[Result "0-1"]
[WhiteElo "1638"]
[BlackElo "1822"]
[PlyCount "128"]
[EventDate "2010.07.06"]
[EventType "swiss"]
[EventRounds "9"]
[EventCountry "ESP"]
[Source "lmi"]
[SourceDate "2010.07.06"]

1. e4 c5 2. d3 d6 3. g3 g6 4. Bg2 Bg7 5. f4 Nc6 6. Nf3 Nf6 7. O-O O-O 8. Re1
Nd7 9. c3 Rb8 10. Be3 b5 11. d4 cxd4 12. cxd4 Na5 13. b3 Bb7 14. Nbd2 Rc8 15.
e5 Nb6 16. Bf2 Nd5 17. Ne4 Nb4 18. Re2 Bd5 19. Nfd2 Nb7 20. a3 Bxe4 21. Bxe4
Nc6 22. Rc1 d5 23. Bd3 a6 24. Nf1 Na7 25. Rec2 Qd7 26. Ne3 e6 27. g4 Rfd8 28.
Bh4 Re8 29. f5 Bh6 30. g5 Bf8 31. Ng4 Bg7 32. f6 Bf8 33. Be1 Rxc2 34. Rxc2 Rc8
35. Rg2 Nc6 36. Bb1 Bxa3 37. h4 Nxd4 38. Bd2 Bc5 39. Ne3 Nc6 40. h5 Nxe5 41. b4
Bb6 42. hxg6 fxg6 43. Kh1 Bxe3 44. Bxe3 Rc4 45. Bd2 Rh4+ 46. Kg1 Qc6 47. Be1
Rh5 48. Qe2 Nc4 49. Bd3 Nd8 50. Qd1 Ne3 51. Qb1 Nxg2 52. Bxg6 Rxg5 53. Bxh7+
Kf7 54. Bd2 Ne3+ 55. Kf2 Ng4+ 56. Ke1 Re5+ 57. Kf1 Qc4+ 58. Kg2 Qe2+ 59. Kg3
Re4 60. Bxe4 dxe4 61. Qh1 Qf3+ 62. Qxf3 exf3 63. Kxf3 Nxf6 64. Bg5 Nc6 0-1

[Event "España ch 2010 sub-12"]
[Site "Linares ESP"]
[Date "2010.07.09"]
[Round "6.5"]
[White "Ucles Lirola, Moises"]
[Black "Suarez Gomez, Julio"]
[Result "1-0"]
[WhiteElo "1753"]
[BlackElo "1632"]
[PlyCount "117"]
[EventDate "2010.07.06"]
[EventType "swiss"]
[EventRounds "9"]
[EventCountry "ESP"]
[Source "lmi"]
[SourceDate "2010.07.06"]

1. e4 e6 2. d4 d5 3. Nc3 Bb4 4. e5 Ne7 5. Bd2 Nf5 6. Nf3 O-O 7. Bd3 b6 8. a3
Be7 9. O-O Ba6 10. Qe2 Bxd3 11. Qxd3 c5 12. Be3 Nc6 13. Ne2 Qc7 14. c3 a5 15.
Ng3 Nxe3 16. Qxe3 Nd8 17. Nh5 f6 18. exf6 Bxf6 19. Nxf6+ Rxf6 20. Ne5 Rh6 21.
Qg3 Nc6 22. Ng4 Qxg3 23. Nxh6+ gxh6 24. hxg3 cxd4 25. cxd4 Nxd4 26. Rad1 Nf5
27. Rfe1 Kf7 28. Rc1 Rb8 29. Rc7+ Ne7 30. Rec1 Kf6 31. Rd7 Nf5 32. Rxh7 Ke5 33.
Kf1 Ke4 34. Rhc7 d4 35. Ke2 e5 36. Rd7 d3+ 37. Kd2 Nd4 38. f3+ Kf5 39. Kxd3 Nb3
40. Rd1 Nc5+ 41. Ke3 Nxd7 42. Rxd7 b5 43. g4+ Kg5 44. Rd5 Kh4 45. Rxe5 Kg3 46.
Re4 a4 47. Kd3 Kxg2 48. f4 Kf3 49. f5 Rc8 50. f6 Rc6 51. Re1 Kxg4 52. Rf1 Rc8
53. Ke4 Kg5 54. Ke5 Kg6 55. Ke6 Rc6+ 56. Ke7 Rc7+ 57. Kd6 Rf7 58. Ke6 Rc7 59.
f7 1-0

[Event "España ch 2010 sub-12"]
[Site "Linares ESP"]
[Date "2010.07.09"]
[Round "6.6"]
[White "Alvarez Nistal, David"]
[Black "Garralon Torres, Julio"]
[Result "1-0"]
[WhiteElo "1727"]
[BlackElo "1619"]
[PlyCount "107"]
[EventDate "2010.07.06"]
[EventType "swiss"]
[EventRounds "9"]
[EventCountry "ESP"]
[Source "lmi"]
[SourceDate "2010.07.06"]

1. e4 c5 2. Nf3 d6 3. d4 cxd4 4. Nxd4 Nf6 5. Nc3 g6 6. Be2 Bg7 7. O-O O-O 8.
Re1 Nc6 9. Nb3 Be6 10. Bf1 d5 11. Nc5 d4 12. Nxe6 fxe6 13. Nb1 e5 14. Nd2 Rc8
15. Nf3 Nb4 16. c3 dxc3 17. Qb3+ Nfd5 18. exd5 Nxd5 19. Bc4 e6 20. bxc3 Kh8 21.
Bg5 Qa5 22. Rac1 Rf5 23. Bd2 Qc5 24. Bxd5 Qxd5 25. Qxd5 exd5 26. Red1 e4 27.
Nd4 Rf7 28. Ne6 Be5 29. Be3 Re8 30. Nd4 a6 31. Ne2 Rd7 32. c4 d4 33. Bxd4 Bxd4
34. Rxd4 Rxd4 35. Nxd4 Rd8 36. Rd1 Kg8 37. Kf1 Rc8 38. Rc1 b5 39. c5 Kf7 40.
Ke2 Kf6 41. Ke3 Ke5 42. c6 h6 43. Ne2 Kd5 44. Nc3+ Kxc6 45. Nxb5+ Kd7 46. Rxc8
Kxc8 47. Nc3 Kc7 48. Kxe4 Kb6 49. Kd5 Ka5 50. Kc4 Kb6 51. f4 h5 52. h3 h4 53.
Nd5+ Ka5 54. Kb3 1-0

[Event "España ch 2010 sub-12"]
[Site "Linares ESP"]
[Date "2010.07.09"]
[Round "6.7"]
[White "Salagran Ferragut, Guillem"]
[Black "Guerra Arrocha, Daniel"]
[Result "1-0"]
[WhiteElo "1725"]
[BlackElo "1609"]
[PlyCount "35"]
[EventDate "2010.07.06"]
[EventType "swiss"]
[EventRounds "9"]
[EventCountry "ESP"]
[Source "lmi"]
[SourceDate "2010.07.06"]

1. e4 e5 2. Nf3 Nc6 3. Bb5 a6 4. Ba4 Nf6 5. d3 b5 6. Bb3 Bc5 7. O-O d6 8. c3
Bb6 9. h3 Bb7 10. Re1 h6 11. Nbd2 O-O 12. Nf1 Ne7 13. Nh4 Kh7 14. Ng3 Bc8 15.
Qf3 Be6 16. Bc2 Qd7 17. d4 exd4 18. e5+ 1-0

[Event "España ch 2010 sub-12"]
[Site "Linares ESP"]
[Date "2010.07.09"]
[Round "6.8"]
[White "Ponce Cano, Adrian"]
[Black "Alonso Vara, Laura"]
[Result "1/2-1/2"]
[WhiteElo "1702"]
[BlackElo "1577"]
[PlyCount "53"]
[EventDate "2010.07.06"]
[EventType "swiss"]
[EventRounds "9"]
[EventCountry "ESP"]
[Source "lmi"]
[SourceDate "2010.07.06"]

1. e4 c5 2. Nf3 d6 3. Nc3 a6 4. d4 cxd4 5. Nxd4 Nf6 6. Be3 e6 7. Bd3 Be7 8. O-O
Bd7 9. f4 Nc6 10. Nb3 O-O 11. Qf3 Nb4 12. Rac1 Nxd3 13. cxd3 Bc6 14. Nd4 Rc8
15. Nxc6 bxc6 16. g4 d5 17. Ne2 c5 18. Ng3 dxe4 19. dxe4 Qb6 20. Rf2 Qb7 21. b3
Rfd8 22. Rfc2 Qb5 23. h3 Rd7 24. g5 Ne8 25. Qf2 Rdc7 26. e5 c4 27. Qd2 1/2-1/2